000 00392cam a2200145ua 4500
041 _aeng
_h
082 _a828.09
_bSMI/TS
100 _aSmih, Groven .
245 _aT S Eliot`s poetry and plays: study in sources and meanings /
_cGroven Smith.
_hTextual Documents
260 _aChicago :
_bPhoenix books ,
_c1965.
300 _a342 ; .
504 _a
942 _cBK
999 _c12647
_d12647